000 01674nam a2200505 i 4500
001 30129
003 KOSZ 005
005 20200724101910.0
008 120912s1993 pl f |001 0 pol
015 _aUWD 2012/32023
020 _a8385730400
035 _a991011562799705066
035 _a(PL-WaBN)b27642987-48omnis_nlop
035 _ab27642987
035 _a(OCoLC)833920054
035 _a(PL)b0000002764298
035 _a(EXLNZ-48OMNIS_NETWORK)9910113026705606
040 _aWA N
_cWA N
_dKOSZ 005/EG
041 1 _apol
_hger
080 _a(038)
080 _a336.761
245 0 0 _aMały słownik giełdowy /
_cprzekł. i oprac. Wojciech Ciechorski ; Stowarzyszenie Banków Szwajcarskich.
246 1 _iTyt. oryg.:
_aBörse von A-Z,
_f1993
260 _aGdańsk :
_bWydawnictwo Topos [etc.],
_c1993.
300 _a111 s. ;
_c18 cm.
336 _aTekst
_btxt
_2rdacontent
337 _aBez urządzenia pośredniczącego
_bn
_2rdamedia
338 _aWolumin
_bnc
_2rdacarrier
380 _aKsiążki
388 _a1901-2000
388 _a1989-2000
500 _aTyt. oryg.: Die Börse von A-Z, 1993.
504 _aIndeksy.
650 7 _aGiełda
_2DBN
650 7 _aTerminologia
_2DBN
655 7 _aSłownik polsko-angielski
_2DBN
655 7 _aSłownik polsko-niemiecki
_2DBN
655 7 _aSłownik terminologiczny
_2DBN
658 _aGospodarka, ekonomia, finanse
658 _aJęzykoznawstwo
700 1 _aCiechorski, Wojciech
_eTłumaczenie
856 _uhttp://koha.tu.koszalin.pl/cgi-bin/koha/opac-detail.pl?biblionumber=30129
_yKatalog online BPK
942 _2UKD
_cKS
999 _c30129
_d30129